000 00181 a2200097 4500
020 _a070999007991
041 _aeng
100 _aMichael Crichton
245 _aTimeline
942 _cBK
999 _c12158
_d12158